| 000 | 00385nam a22001577a 4500 | ||
|---|---|---|---|
| 003 | SGT | ||
| 020 | _a978-93-5270-678-5 | ||
| 082 |
_a610.7368 _bC19J |
||
| 100 | _aJACOB, ANNAMMA | ||
| 245 | _aA COMPREHENSIVE TB. OF MIDWIFERY & GYNECOLOGICAL NURSING | ||
| 250 | _a5TH | ||
| 260 |
_aINDIA _bJAYPEE PUB _c2019 |
||
| 300 | _a768 | ||
| 650 | _aOBST & GYNECOLOGY | ||
| 942 |
_2ddc _cBK _019 |
||
| 999 |
_c20147 _d20147 |
||